| 000 | 00423 a2200157 4500 | ||
|---|---|---|---|
| 005 | 20250417112633.0 | ||
| 020 | _a978-0-8264-6022-6 | ||
| 082 | _a657.48 JEN | ||
| 100 | _aJENNINGS, A. R. | ||
| 245 | _aFinancial Accounting. | ||
| 250 | _a2rd Ed | ||
| 260 |
_aSingapore, _bSeng Lee Press, _c1993. |
||
| 300 |
_a652p.: ill.; _bIndex _c27cm |
||
| 856 |
_yAccess Online Book _fAccounting _dwww.cengagebrain.com |
||
| 942 |
_2ddc _cBKS |
||
| 999 |
_c1550 _d1550 |
||